Vyhliadková veža

Enregistré dans:
Détails bibliographiques
Auteur principal: Vrábel, Jakub (Auteur)
Autres auteurs: Pilař, Pavol (Directeur de thèse)
Format: Manuscrit Livre
Langue:slovaque
Publié: 2020
Sujets:
Accès en ligne:http://is.stuba.sk/zp/portal_zp.pl?podrobnosti=159353
https://opac.crzp.sk/?fn=detailBiblioForm&sid=551040C4B46A551A416EFFC2BF23
Tags: Ajouter un tag
Pas de tags, Soyez le premier à ajouter un tag!

MARC

LEADER 00000ntm a22000003a 4500
001 stuzp78168
003 SK-STU
005 20230525104444.3
007 ta
008 150427s2015----xo-----f-mn---000-0-slo-d
040 |a STU  |b slo 
041 0 |a slo 
100 1 |a Vrábel, Jakub  |u 010310  |4 aut  |U SvF Stavebná fakulta  |T SvF Katedra architektúry  |X 63488  |U V181|V310  |Y 19  |7 63488 
242 0 1 |a Observatory  |y eng 
245 1 0 |a Vyhliadková veža 
260 |c 2020 
650 4 |a drevostavba  |2 slo 
650 4 |a Zlatý vrch  |2 slo 
650 4 |a výhľad  |2 slo 
650 4 |a views  |2 eng 
650 4 |a Zlatý vrch  |2 eng 
650 4 |a wooden structures  |2 eng 
700 1 |a Pilař, Pavol  |u 010310  |k Z1  |4 ths  |U SvF Stavebná fakulta  |T SvF Katedra architektúry  |X 59136  |U V181|V310  |Y 19  |7 A000059136 
856 4 |u http://is.stuba.sk/zp/portal_zp.pl?podrobnosti=159353 
856 4 |u https://opac.crzp.sk/?fn=detailBiblioForm&sid=551040C4B46A551A416EFFC2BF23